Didactica y curriculum : convergencias en los programas de estudio / (Record no. 54664)

MARC details
000 -LEADER
fixed length control field 00637cam a2200205 4500
008 - FIXED-LENGTH DATA ELEMENTS--GENERAL INFORMATION
fixed length control field 1992 a spa
020 ## - INTERNATIONAL STANDARD BOOK NUMBER
International Standard Book Number 968-469-044-4
050 #4 - LIBRARY OF CONGRESS CALL NUMBER
Classification number LB2363
Item number D5 1992
100 1# - MAIN ENTRY--PERSONAL NAME
Personal name Díaz Barriga, Ángel
245 #0 - TITLE STATEMENT
Title Didactica y curriculum : convergencias en los programas de estudio /
Statement of responsibility, etc Ángel Díaz Barriga.
250 ## - EDITION STATEMENT
Edition statement 14
260 ## - PUBLICATION, DISTRIBUTION, ETC. (IMPRINT)
Place of publication, distribution, etc México :
Name of publisher, distributor, etc Nuevomar,
Date of publication, distribution, etc 1992
300 ## - PHYSICAL DESCRIPTION
Extent 150 p. ;
Dimensions 20 cm.
440 #0 - SERIES STATEMENT/ADDED ENTRY--TITLE
Title Problemas educativos.
504 ## - BIBLIOGRAPHY, ETC. NOTE
Bibliography, etc Incluye bibliografía: pp. 145-150 y citas en pie de página.
650 #4 - SUBJECT ADDED ENTRY--TOPICAL TERM
Topical term or geographic name as entry element Educación-curricula
942 ## - ADDED ENTRY ELEMENTS (KOHA)
Source of classification or shelving scheme Biblioteca del Cogreso de los Estados Unidos
Koha item type Libro
Holdings
Estado de pérdida Fuente de clasificación Estado del daño No para préstamo Ubicación permanente Ubicación actual Apartado o colección Fecha de adquisición Edición Dependencia de educación superior (DES) Área del conocimiento Clasificación Código de Barras Date last seen Número de copia Tipo de recurso
  Biblioteca del Cogreso de los Estados Unidos   Ejemplar único Biblioteca de la Facultad de Biología Biblioteca de la Facultad de Biología General 03/07/2015 14.a.ed. Ciencias Biológicas y Agropecuarias Educación y Humanidades LB2363 D5 1992 BFB000002191 03/07/2015 C:1 Libro